/ مفتہ یقبل (Record no. 109595)

MARC details
000 -LEADER
fixed length control field 00831nam a22002537a 4500
005 - DATE AND TIME OF LATEST TRANSACTION
control field 20170123162356.0
010 ## - LIBRARY OF CONGRESS CONTROL NUMBER
LC control number A-688063
020 ## - INTERNATIONAL STANDARD BOOK NUMBER
Terms of availability 50.00
035 ## - SYSTEM CONTROL NUMBER
System control number A-688063
037 ## - SOURCE OF ACQUISITION
Source of stock number/acquisition Cen Lib/Ret
040 ## - CATALOGING SOURCE
Original cataloging agency DPL
Language of cataloging UR
082 ## - DEWEY DECIMAL CLASSIFICATION NUMBER
Classification number 841.016
100 ## - MAIN ENTRY--PERSONAL NAME
Personal name عبدللہ خاور
9 (RLIN) 142787
245 ## - TITLE STATEMENT
Title / مفتہ یقبل
Statement of responsibility, etc عبدللہ خاور
246 ## - VARYING FORM OF TITLE
Title proper/short title Miftahe Iqbal
Remainder of title by Abdullah Khaor
260 ## - PUBLICATION, DISTRIBUTION, ETC. (IMPRINT)
Place of publication, distribution, etc شری نگر
Name of publisher, distributor, etc اقبل نستیتیتے
Date of publication, distribution, etc 1994
270 ## - ADDRESS
Address اقبلی نستیتیٹ کشمرنورستنے
City شری نگر
300 ## - PHYSICAL DESCRIPTION
Extent 235p.
Dimensions 20cm (pbk)
650 ## - SUBJECT ADDED ENTRY--TOPICAL TERM
Topical term or geographic name as entry element اردو ادب
Form subdivision ریسیرچ پپر
9 (RLIN) 481
650 ## - SUBJECT ADDED ENTRY--TOPICAL TERM
Topical term or geographic name as entry element اردو شاعر-تحقیق
9 (RLIN) 482
650 ## - SUBJECT ADDED ENTRY--TOPICAL TERM
Topical term or geographic name as entry element Urdu Literature
Form subdivision Research pepar
9 (RLIN) 483
650 ## - SUBJECT ADDED ENTRY--TOPICAL TERM
Topical term or geographic name as entry element Urdu poet research
9 (RLIN) 484
942 ## - ADDED ENTRY ELEMENTS (KOHA)
Source of classification or shelving scheme Dewey Decimal Classification
Koha item type Urdu Bks
Classification part 841.016
Call number suffix ا ق ب
Holdings
Withdrawn status Lost status Damaged status Not for loan Collection code Home library Current library Date acquired Source of acquisition Total Checkouts Full call number Barcode Date last seen Price effective from Koha item type
      Not For Loan Reference Central Library Central Library 30/03/2016 Cen Lib/Ref   841.016 A-688063 30/03/2016 30/03/2016 Urdu Bks

© Delhi Public Library
Hit Counter
free hit counter